000 005860000a22001930004500
003 LK-CoMWRAF
005 20240113143333.0
008 230817t1991 ||||| |||| 00| 0 eng d
040 _aLK-CoMWRAF
_dLK-CoMWRAF
_eLK-CoMWRAF
041 _aeng
082 _a305.42
_bDIV
245 _aDivorce among Muslims in Pakistan:
_blaws, procedures and practice
260 _a[Lahore]:
_b[AGHS Legal Aid Cell],
_c[1991]
300 _a32 p. ; 22 cm
490 _alegal literacy pamphlets
650 _aDivorce (Islamic law) -Pakistan
650 _aWomen Legal status, laws,-Pakistan
942 _cBK
999 _c3080
_d3080